Datum a čas kvízu
16.5
Celkem bodů
Celkový počet nahraných bodů na tomto kvízu bez doplňovacích otázek.
11.
Pořadí na kvízu
Konečné umístění týmu na tomto kvízu.
Zaznamenané odpovědi
| # | Otázka | Odpověď | Body | Výsledky |
|---|---|---|---|---|
| 1. | Kandidátka SPOLU do červnových... | Hayato Okamura | 0 | |
| 2. | Minulý týden jsme se dozvěděli... | na Novém Zélandu | 0 | |
| 3. | Česká národní banka vydala stř... | Bedřich Smetana | 1 | |
| 4. | Na konci února byl v Podolské... | 5 babyboxů | 0 | |
| 5. | LeBron James pokořil ve své 21... | 40 000 bodů | 0 | |
| 6. | Napište, kterým slovem se ozna... | okostice (periost) | 1 | |
| 7. | Ve kterém kraji České republik... | v Královéhradeckém | 0 | |
| 8. | Hlavní postava seriálu Sběrate... | Booth | 0 | |
| 9. | Kterému zvířeti patří tato kos... | ptakopyskovi | 1 | |
| 10. | V září roku 2012 byla pod park... | Richard III. | 1 |